The bullet train / directed by David Leitch ; screenplay by Zak Olkewicz ;produced by Kelly McCormick, David Leitch, Antoine Fuqua. (Record no. 20971)

000 -LEADER
fixed length control field 01524nam a22003137a 4500
008 - FIXED-LENGTH DATA ELEMENTS--GENERAL INFORMATION
fixed length control field 250528b xxu||||| |||| 00| 0 eng d
040 ## - CATALOGING SOURCE
Original cataloging agency Cagayan State University
Description conventions RDA
082 ## - DEWEY DECIMAL CLASSIFICATION NUMBER
Classification number 791.4372
Item number B936 2022
245 ## - TITLE STATEMENT
Title The bullet train / directed by David Leitch ; screenplay by Zak Olkewicz ;produced by Kelly McCormick, David Leitch, Antoine Fuqua.
260 ## - PUBLICATION, DISTRIBUTION, ETC. (IMPRINT)
Place of publication, distribution, etc United States :
Name of publisher, distributor, etc Sony Pictures Releasing,
Date of publication, distribution, etc 2022.
300 ## - PHYSICAL DESCRIPTION
Extent 1 videofile, (ca. 126 mins.) :
Other physical details sound, color.
520 ## - SUMMARY, ETC.
Summary, etc Unlucky assassin Ladybug (Brad Pitt) is determined to do his job peacefully after one too many gigs has gone off the rails. Fate has other plans, however: Ladybug’s latest mission puts him on a collision course with lethal adversaries from around the globe—all with connected, yet conflicting, objectives—on the world’s fastest train. The end of the line is just the beginning in this non-stop thrill-ride through modern-day Japan.
650 ## - SUBJECT ADDED ENTRY--TOPICAL TERM
Topical term or geographic name as entry element One-Person Army Action.
650 ## - SUBJECT ADDED ENTRY--TOPICAL TERM
Topical term or geographic name as entry element Action.
650 ## - SUBJECT ADDED ENTRY--TOPICAL TERM
Topical term or geographic name as entry element Comedy.
650 ## - SUBJECT ADDED ENTRY--TOPICAL TERM
Topical term or geographic name as entry element Thriller.
700 ## - ADDED ENTRY--PERSONAL NAME
Personal name Pitt, Brad, star.
700 ## - ADDED ENTRY--PERSONAL NAME
Personal name King, Joey, star.
700 ## - ADDED ENTRY--PERSONAL NAME
Personal name Taylor-Johnson, Aaron, star.
700 ## - ADDED ENTRY--PERSONAL NAME
Personal name Henry, Brian Tyree, star.
700 ## - ADDED ENTRY--PERSONAL NAME
Personal name Koji, Andrew, star.
700 ## - ADDED ENTRY--PERSONAL NAME
Personal name Sanada, Hiroyuki, star.
700 ## - ADDED ENTRY--PERSONAL NAME
Personal name Shannon, Michael, star.
700 ## - ADDED ENTRY--PERSONAL NAME
Personal name Martinez Ocasio, Benito, A., star.
700 ## - ADDED ENTRY--PERSONAL NAME
Personal name Bullock, Sandra, star.
700 ## - ADDED ENTRY--PERSONAL NAME
Personal name Sela, Jonathan, cinematographer.
700 ## - ADDED ENTRY--PERSONAL NAME
Personal name Ronaldsdóttir, Elísabet, editor.
942 ## - ADDED ENTRY ELEMENTS (KOHA)
Source of classification or shelving scheme
Item type Audio-Visual Materials
Holdings
Source of acquisition Price effective from Permanent location Date last seen Not for loan Date acquired Source of classification or shelving scheme Koha item type Collection code Shelving location Damaged status Lost status Withdrawn status Current location Full call number
Donation2025-05-28Cagayan State University - Carig Library2025-05-28 2025-05-28 Audio-Visual MaterialsElectronic Media CenterElectronic Media Center   Cagayan State University - Carig Library791.4372 B936 2022

Cagayan State University University Library, Carig Campus
Tuguegarao City, Cagayan 3500 | www.csucarig.edu.ph

Powered by Koha